| 000 | 00818nam a2200205Ii 4500 | ||
|---|---|---|---|
| 003 | JO-AjNU | ||
| 008 | 230605s9999||||xx |||||||||||||| ||und|| | ||
| 040 |
_aJO-AjNU _bara _erda _cJO-AjNU |
||
| 041 | _aara | ||
| 050 | 1 | 4 | _aLB17.U86 1995 |
| 100 | 3 |
_aهندي،صالح ذياب/عليان،هشام عامر م.مشارك/العموي،أحمد عبد الرحيم م.مشارك/حواشين،مفيد نجيب م.مشارك , _eauthor _916608 |
|
| 245 | 0 | 0 | _aأسس التربية |
| 250 | _aط3 | ||
| 264 | 3 | 1 | _aعمان:دار الفكر للطباعة والنشر والتوزيع،1995 |
| 300 | _a180ص | ||
| 336 |
_atext _btxt _2rdacontent |
||
| 337 |
_aunmediated _bn _2rdamedia |
||
| 338 |
_avolume _bnc _2rdacarrier |
||
| 650 | 4 |
_aعلم نفس تربوي. التربية و التعليم-فلسفة _916609 |
|
| 999 |
_aA4961 _c8529 _d8529 |
||